[Event "Xtracon Chess Open 2018"]
[Site "Elsinore"]
[Date "2018.07.24"]
[Round "5"]
[White "Fjallheim, Leif Reinert"]
[Black "Kunz, Andre"]
[Result "0-1"]
[WhiteElo "1886"]
[BlackElo "2158"]
[EventDate "2018.07.21"]
[WhiteFideId "7201788"]
[BlackFideId "24623652"]

1.e4 c6 2.d4 d5 3.Nd2 dxe4 4.Nxe4 Bf5 5.Ng3 Bg6 6.h4 h6 7.Nf3 Nd7 8.h5 Bh7
9.Bd3 Bxd3 10.Qxd3 e6 11.Bd2 Ngf6 12.O-O-O Be7 13.Qe2 Qb6 14.c3 c5 15.Be3 
O-O 16.Ne5 Rfd8 17.Nxd7 Rxd7 18.dxc5 Bxc5 19.Bxc5 Rxd1+ 20.Rxd1 Qxc5 21.
Ne4 Nxe4 22.Qxe4 Qxf2 23.Rd7 Rb8 24.Qe5 Rc8 25.g3 a6 26.Qe4 Qxg3 27.Qxb7 
Qf4+ 28.Rd2 Rd8 29.Qg2 Rd5 30.Kc2 Qf5+ 31.Kc1 Qxh5 32.c4 Ra5 33.Qe4 Qf5 
34.Qa8+ Kh7 35.b3 Qe5 36.Rc2 Qa1+ 37.Kd2 Re5 38.Qf3 Qe1+ 39.Kd3 f5 40.c5 
Rd5+ 41.Kc4 Qh4+ 0-1

[Event "Xtracon Chess Open 2018"]
[Site "Elsinore"]
[Date "2018.07.24"]
[Round "5"]
[White "Kistrup, Nicolai"]
[Black "Munshi, Aditya"]
[Result "1/2-1/2"]
[WhiteElo "2154"]
[BlackElo "1953"]
[EventDate "2018.07.21"]
[WhiteFideId "1444816"]
[BlackFideId "436720"]

1.d4 Nf6 2.c4 e6 3.g3 d5 4.Nf3 Be7 5.Bg2 O-O 6.O-O dxc4 7.Ne5 Nc6 8.Nxc6 
bxc6 9.Na3 Bxa3 10.bxa3 Ba6 11.Qa4 Bb5 12.Qa5 Qxd4 13.Be3 Qd6 14.Bd2 Nd5 
15.Rfd1 c3 16.Bxc3 Bxe2 17.Bb4 Qd8 18.Rd2 Qf6 19.Rc1 Nxb4 20.axb4 Bf3 21.
Bxf3 Qxf3 22.Qxc7 Qa3 23.Qxc6 Qxb4 24.Rd7 h6 25.Qf3 a5 1/2-1/2

[Event "Xtracon Chess Open 2018"]
[Site "Elsinore"]
[Date "2018.07.24"]
[Round "5"]
[White "Arndt, Uwe"]
[Black "Petersson, Baldur Teodor"]
[Result "0-1"]
[WhiteElo "1873"]
[BlackElo "2153"]
[EventDate "2018.07.21"]
[WhiteFideId "24647713"]
[BlackFideId "2309157"]

1.d4 Nf6 2.c4 g6 3.Nc3 Bg7 4.g3 d6 5.Bg2 O-O 6.Nf3 c5 7.O-O Nc6 8.d5 Na5 
9.Nd2 a6 10.a3 Qc7 11.e4 Rb8 12.Qe2 b5 13.cxb5 c4 14.a4 Nd7 15.Ra3 Ne5 16.
Nf3 Bg4 17.Qe3 Nb3 18.bxa6 Nxf3+ 19.Bxf3 Bd4 20.Qf4 Bxf3 21.Qxf3 Nxc1 22.
Rxc1 Rxb2 23.Nb5 Rxf2 24.Qxf2 Bxf2+ 25.Kxf2 Qb6+ 26.Kg2 Qxa6 27.Rxc4 f5 
28.Rc7 fxe4 29.Rxe7 Qb6 30.Ra2 Qe3 31.Nxd6 Qf3+ 32.Kh3 Qh5+ 33.Kg2 Qxd5 
0-1

[Event "Xtracon Chess Open 2018"]
[Site "Elsinore"]
[Date "2018.07.24"]
[Round "5"]
[White "Harders, Poul Erik"]
[Black "Larsen, Jens Evald"]
[Result "1-0"]
[WhiteElo "1693"]
[BlackElo "1433"]
[EventDate "2018.07.21"]
[WhiteFideId "1416251"]
[BlackFideId "1409603"]

1.d4 d5 2.c4 e6 3.Nc3 Nf6 4.Bg5 Nbd7 5.cxd5 exd5 6.e3 c6 7.Bd3 Qa5 8.Ne2 
Ne4 9.O-O Nxg5 10.f3 Bb4 11.Qc2 Nf6 12.a3 Bxc3 13.Nxc3 O-O 14.e4 g6 15.e5 
Nd7 16.Qf2 Ne6 17.f4 f6 18.f5 fxe5 19.Qg3 Ng7 20.fxg6 e4 21.gxh7+ Kxh7 22.
Rxf8 Nxf8 23.Be2 Bf5 24.Rf1 Rc8 25.Qh4+ Kg8 26.Qg5 Ne6 27.Qf6 Rf8 28.Qe5 
Qc7 29.Qxc7 Nxc7 30.Rd1 Bg6 31.b4 Nce6 32.b5 Nf5 33.bxc6 Nfxd4 34.cxb7 
Nxe2+ 35.Nxe2 Bh5 36.Rc1 Rb8 37.Rc8+ 1-0

[Event "Xtracon Chess Open 2018"]
[Site "Elsinore"]
[Date "2018.07.24"]
[Round "5"]
[White "Morling, Aase"]
[Black "Hviid, Hans Henrik"]
[Result "0-1"]
[WhiteElo "1476"]
[BlackElo "1173"]
[EventDate "2018.07.21"]
[WhiteFideId "1440993"]
[BlackFideId "1425374"]

1.e4 e5 2.Nf3 d6 3.d4 Qf6 4.Bg5 Qg6 5.dxe5 dxe5 6.Nc3 Bb4 7.Bd3 Nf6 8.Bxf6
Qxf6 9.O-O Bxc3 10.bxc3 Bg4 11.Be2 O-O 12.h3 Rd8 13.Qb1 Bxf3 14.Bxf3 Qc6 
15.Qb3 Na6 16.Rfd1 Nc5 17.Rxd8+ Rxd8 18.Qb4 b6 19.Rb1 h6 20.Qb5 Qe6 21.a4 
a6 22.Qb4 a5 23.Qb5 Qa2 24.Rd1 Rxd1+ 25.Bxd1 Qxa4 26.Qe2 Qd7 27.f3 Na4 28.
Qe1 Nxc3 29.Qxc3 Qxd1+ 30.Kh2 Qd6 31.Qc4 Qc5 32.Qb3 b5 33.c3 c6 34.Kg3 a4 
35.Qb2 Qc4 36.Qa3 Qb3 37.Qc5 Qc4 38.Qxe5 a3 39.Qb8+ Kh7 40.e5 Qxc3 41.Qe8 
Qc4 42.Qd7 Qe6 43.Qd4 a2 44.f4 Qg6+ 45.Kf3 Qb1 46.Qd7 a1=Q 47.Qxf7 Qf1+ 
48.Kg4 Qxg2+ 49.Kf5 Qxh3+ 50.Ke4 Qb1+ 51.Kd4 Qb2+ 52.Kc5 Qhc3+ 53.Kd6 
Qbb4+ 54.Kd7 Qcd4+ 55.Ke8 Qxf4 56.Qxf4 Qxf4 57.e6 c5 58.e7 Qe5 59.Kd8 b4 
0-1

[Event "Xtracon Chess Open 2018"]
[Site "Elsinore"]
[Date "2018.07.24"]
[Round "5"]
[White "Nilssen, Ellen Fredericia"]
[Black "Hansen, Tommy"]
[Result "1-0"]
[WhiteElo "2152"]
[BlackElo "1732"]
[EventDate "2018.07.21"]
[WhiteFideId "1441230"]
[BlackFideId "1511009"]

1.Nf3 f5 2.d4 Nf6 3.Bf4 d6 4.c4 g6 5.Nc3 Bg7 6.h3 Nbd7 7.e3 c6 8.Be2 Qa5 
9.O-O O-O 10.a3 e5 11.b4 Qc7 12.Bh2 Ne8 13.Qb3 Kh8 14.Rac1 exd4 15.exd4 
Qd8 16.d5 Ndf6 17.Rcd1 Ne4 18.Nxe4 fxe4 19.Nd2 Qe7 20.Qe3 Nf6 21.Nb1 cxd5 
22.cxd5 b6 23.Rfe1 Bb7 24.Nc3 Rfe8 25.Bb5 Rec8 26.Nxe4 Nxd5 27.Qb3 Be5 28.
Bc4 Bxh2+ 29.Kxh2 Qe5+ 30.Kg1 Nf4 31.Nxd6 Qg5 32.Qc3+ 1-0

[Event "Xtracon Chess Open 2018"]
[Site "Elsinore"]
[Date "2018.07.24"]
[Round "5"]
[White "Jacobsen, Per"]
[Black "O`gorman, Pipa"]
[Result "1-0"]
[WhiteElo "1590"]
[BlackElo "1231"]
[EventDate "2018.07.21"]
[WhiteFideId "1413856"]
[BlackFideId "45171637"]

1.d4 d5 2.e3 e6 3.f4 Nf6 4.Nf3 Be7 5.Bd3 h6 6.O-O Nbd7 7.c3 b6 8.Ne5 Nxe5 
9.fxe5 Ne4 10.Nd2 Bb7 11.Qg4 Ng5 12.h4 Nh7 13.Qxg7 Kd7 14.Qxf7 Qf8 15.Bxh7
Qxf7 16.Rxf7 Raf8 17.Rxf8 Rxf8 18.Nf3 Ba6 19.Bd2 c5 20.Bc2 Kc6 21.e4 Kc7 
22.dxc5 Bxc5+ 23.Kh2 Rg8 24.Re1 Be7 25.exd5 exd5 26.Bxh6 Rh8 27.Bg5 Bxg5 
28.Nxg5 Rxh4+ 29.Kg3 Rh8 30.Kf4 Bb7 31.Ne6+ Kd7 32.Bf5 Ke7 33.g4 Bc8 34.
Nd4 Bb7 35.Rc1 Rh2 36.Rc2 Rh8 37.Kg3 a5 38.Rh2 Rxh2 39.Kxh2 Ba6 40.g5 Kf8 
41.Kg3 Ke8 42.Kf4 Kd8 43.g6 Bc8 44.Bxc8 1-0

[Event "Xtracon Chess Open 2018"]
[Site "Elsinore"]
[Date "2018.07.24"]
[Round "5"]
[White "Mansoor, Areeb"]
[Black "Sorensen, Bernhard W."]
[Result "0-1"]
[WhiteElo "1205"]
[BlackElo "1691"]
[EventDate "2018.07.21"]
[WhiteFideId "1535870"]
[BlackFideId "1442074"]

1.e4 g6 2.d4 Bg7 3.Nf3 d6 4.Nc3 a6 5.Bf4 b5 6.a3 Bb7 7.Bd3 Nd7 8.b4 c5 9.
Be2 cxd4 10.Na2 Bxe4 11.Rb1 Rc8 12.Bd3 Bd5 13.Nc1 e5 14.Qe2 Ne7 15.Bd2 f5 
16.Bg5 e4 17.O-O exf3 18.gxf3 Ne5 19.f4 Nf3+ 20.Kh1 Nd2+ 21.Kg1 Nxf1 22.
Kxf1 Kf7 23.Nb3 Bxb3 24.cxb3 Qd7 25.a4 Rhe8 26.Re1 Nd5 27.Qf3 Rxe1+ 28.
Kxe1 Rc1+ 29.Kd2 Qc6 30.axb5 Qc3+ 31.Ke2 Re1# 0-1

[Event "Xtracon Chess Open 2018"]
[Site "Elsinore"]
[Date "2018.07.24"]
[Round "5"]
[White "Emborg, Jens"]
[Black "Sandbech, Ted Henrik"]
[Result "1-0"]
[WhiteElo "1545"]
[BlackElo "1775"]
[EventDate "2018.07.21"]
[WhiteFideId "1437534"]
[BlackFideId "1409751"]

1.e4 d5 2.exd5 Qxd5 3.Nc3 Qd8 4.d4 c6 5.Bc4 Nf6 6.Nf3 Bf5 7.O-O e6 8.Bd3 
Bxd3 9.Qxd3 Be7 10.Bf4 O-O 11.Rfe1 Nbd7 12.Ne4 Nxe4 13.Rxe4 Nf6 14.Re2 Qb6
15.c3 c5 16.dxc5 Bxc5 17.b4 Be7 18.Rc1 Rfd8 19.Qb1 Nd5 20.Be5 h6 21.a3 Nf6
22.c4 Qc6 23.Qb3 Rac8 24.a4 Qe8 25.h3 Rd7 26.c5 Rcd8 27.b5 Rd3 28.Qc4 R3d5
29.Bd4 Rc8 30.Re5 Rxe5 31.Nxe5 Nd7 32.c6 Nxe5 33.Bxe5 bxc6 34.bxc6 Qd8 35.
Qa6 f6 36.Bf4 e5 37.Be3 Rc7 38.Bxa7 Qa8 39.Qc4+ Kh7 40.Bb6 Rc8 41.a5 Bd6 
42.Qe6 Rxc6 43.Qf5+ Kg8 44.Rxc6 Qxc6 45.Qd3 e4 46.Qb1 Qc4 47.Be3 f5 48.Qb6
Qd3 49.g3 Kh7 50.a6 f4 51.gxf4 Qd1+ 52.Kh2 Qd5 53.a7 g5 54.Qxd6 Qxd6 55.
a8=Q gxf4 56.Qxe4+ Kg7 57.Bxf4 Qd7 58.Be5+ 1-0

[Event "Xtracon Chess Open 2018"]
[Site "Elsinore"]
[Date "2018.07.24"]
[Round "5"]
[White "Thuesen, Mogens"]
[Black "Pettersen, Johan"]
[Result "1-0"]
[WhiteElo "2139"]
[BlackElo "1858"]
[EventDate "2018.07.21"]
[WhiteFideId "1400878"]
[BlackFideId "1522183"]

1.c4 g6 2.Nc3 Bg7 3.e4 d6 4.d4 Nf6 5.f4 c5 6.d5 e6 7.dxe6 Bxe6 8.Nf3 O-O 
9.Bd3 Nc6 10.O-O a6 11.f5 Bd7 12.Bf4 Qe7 13.Bg5 Ne5 14.Nd5 Nxf3+ 15.Qxf3 
Nxd5 16.Bxe7 Bd4+ 17.Kh1 Nxe7 18.f6 Nc6 19.Qf4 Kh8 20.Qh6 Rg8 21.Rf4 Be3 
22.Re1 Bd2 23.Rd1 Be3 24.Qg5 Ne5 25.Be2 Be6 26.Rxd6 Bxc4 27.Qxe5 Bxf4 28.
Qxf4 Bxe2 29.e5 Rad8 30.Qd2 Rxd6 31.exd6 Bb5 32.d7 1-0

[Event "Xtracon Chess Open 2018"]
[Site "Elsinore"]
[Date "2018.07.24"]
[Round "5"]
[White "Mai, Alexander Oliver"]
[Black "Nielsen, Viktor Haarmark"]
[Result "0-1"]
[WhiteElo "1966"]
[BlackElo "2332"]
[EventDate "2018.07.21"]
[WhiteFideId "2313391"]
[BlackFideId "1444492"]

1.Nf3 c5 2.c4 Nc6 3.Nc3 g6 4.g3 Bg7 5.Bg2 e6 6.d3 Nge7 7.Bg5 h6 8.Bd2 b6 
9.O-O Bb7 10.a3 d6 11.Rb1 Qd7 12.b4 O-O 13.b5 Nd4 14.Nxd4 cxd4 15.Bxb7 
Qxb7 16.Na2 Rac8 17.Bb4 Rfd8 18.Qd2 Nf5 19.a4 h5 20.e4 dxe3 21.fxe3 Bh6 
22.Rbe1 d5 23.Qf2 dxc4 24.e4 cxd3 25.exf5 Rc2 26.Qxc2 dxc2 27.fxe6 fxe6 
28.Rf6 Bg7 29.Rxg6 Kh7 30.Rxg7+ Qxg7 31.Bc3 Rd1 32.Bxg7 Rxe1+ 33.Kf2 c1=Q 
34.Nxc1 Rxc1 35.Be5 Rc4 36.a5 bxa5 37.Bb8 Rb4 38.Bxa7 Rxb5 0-1

[Event "Xtracon Chess Open 2018"]
[Site "Elsinore"]
[Date "2018.07.24"]
[Round "5"]
[White "Haraldsson, Leif"]
[Black "Dauth, Benjamin"]
[Result "0-1"]
[WhiteElo "1942"]
[BlackElo "2325"]
[EventDate "2018.07.21"]
[WhiteFideId "1710648"]
[BlackFideId "4688104"]

1.f4 c5 2.Nf3 Nc6 3.g3 g6 4.Bg2 Bg7 5.c3 d5 6.e3 Nf6 7.O-O O-O 8.d4 c4 9.
Nh4 Bg4 10.Qe1 e6 11.Nd2 Bf5 12.e4 Bxe4 13.Nxe4 Nxe4 14.Bxe4 dxe4 15.Qxe4 
Qd6 16.Be3 b5 17.Rad1 Ne7 18.Qc2 Nd5 19.Bd2 Rfc8 20.Rfe1 b4 21.Nf3 Qa6 22.
cxb4 c3 23.bxc3 Nxb4 24.Qb3 Nd3 25.Re3 Rab8 26.Qc2 Nb4 27.Qe4 Nd5 28.Rd3 
Qxa2 29.h4 Qc2 30.Rc1 Rb1 31.Rxb1 Qxb1+ 32.Ne1 h5 33.Kh2 Qa2 34.Kh3 a5 35.
Qf3 a4 36.g4 hxg4+ 37.Kxg4 Nf6+ 38.Kh3 Qd5 39.Nc2 Ne4 40.Bc1 Nf2+ 41.Qxf2 
Qf5+ 0-1

[Event "Xtracon Chess Open 2018"]
[Site "Elsinore"]
[Date "2018.07.24"]
[Round "5"]
[White "Dishman, Stephen"]
[Black "Hyldkrog, Lars"]
[Result "1-0"]
[WhiteElo "2320"]
[BlackElo "1961"]
[EventDate "2018.07.21"]
[WhiteFideId "403024"]
[BlackFideId "1402781"]

1.d4 Nf6 2.Nf3 d5 3.Bf4 e6 4.e3 c5 5.c3 Nc6 6.Nbd2 Bd6 7.Bg3 O-O 8.Bb5 a6 
9.Bxc6 bxc6 10.Qa4 Bb7 11.Qa3 Bxg3 12.hxg3 cxd4 13.cxd4 Rc8 14.Nb3 Ne4 15.
Rc1 Qb6 16.Nc5 Rfd8 17.O-O a5 18.Rc2 Ba6 19.Rfc1 Bb5 20.Nxe4 dxe4 21.Nd2 
Bd3 22.Rc5 Rd5 23.Nb3 Rxc5 24.Rxc5 Qb4 25.Qxa5 Qxa5 26.Nxa5 Bb5 27.b3 Kf8 
28.a4 Bd3 29.Nxc6 Ke8 30.f3 exf3 31.gxf3 f6 32.Kf2 Kd7 33.Nb4 Rxc5 34.dxc5
Bg6 35.e4 e5 36.Nd5 Bf7 37.b4 Kc6 38.Ke3 h5 39.Kd3 Bxd5 40.exd5+ Kxd5 41.
a5 g5 42.a6 Kc6 43.b5+ Kc7 44.b6+ Kb8 45.c6 h4 46.gxh4 gxh4 47.a7+ Ka8 48.
c7 Kb7 49.a8=Q+ 1-0

[Event "Xtracon Chess Open 2018"]
[Site "Elsinore"]
[Date "2018.07.24"]
[Round "5"]
[White "Green, Per"]
[Black "O`Gorman, Tom"]
[Result "0-1"]
[WhiteElo "1927"]
[BlackElo "2280"]
[EventDate "2018.07.21"]
[WhiteFideId "1703811"]
[BlackFideId "2508249"]

1.Nf3 c5 2.c4 Nc6 3.Nc3 Nf6 4.g3 g6 5.Bg2 d6 6.d4 cxd4 7.Nxd4 Bd7 8.O-O 
Bg7 9.Nc2 Qc8 10.Re1 Bh3 11.Bh1 h5 12.Ne3 h4 13.Ng2 Ne5 14.b3 Neg4 15.Bd2 
Qc5 16.e3 hxg3 17.hxg3 Ne5 18.Nf4 Bg4 19.Qc2 Nf3+ 20.Bxf3 Bxf3 21.Ng2 Rh1+
22.Kxh1 Qh5+ 23.Kg1 Qh3 0-1

[Event "Xtracon Chess Open 2018"]
[Site "Elsinore"]
[Date "2018.07.24"]
[Round "5"]
[White "Ramsdal, Jens Albert"]
[Black "Henningsen, Lasse"]
[Result "1-0"]
[WhiteElo "2259"]
[BlackElo "1930"]
[EventDate "2018.07.21"]
[WhiteFideId "1429221"]
[BlackFideId "1425315"]

1.e4 e5 2.Nf3 Nc6 3.Bb5 a6 4.Ba4 Nf6 5.O-O Be7 6.Re1 b5 7.Bb3 Bb7 8.d4 d6 
9.d5 Nb8 10.Nbd2 O-O 11.Nf1 Nbd7 12.Ng3 g6 13.Bd2 Nc5 14.Ba5 Qd7 15.Bb4 
Nxb3 16.axb3 Rfe8 17.c4 c5 18.dxc6 Bxc6 19.Qc2 Qb7 20.Ba5 Rab8 21.Re2 Rec8
22.Ne1 bxc4 23.bxc4 Bd7 24.Nd3 Bb5 25.b3 Bc6 26.Nc1 Nd7 27.Bd2 f5 28.exf5 
Bxg2 29.fxg6 Bh3 30.gxh7+ Kh8 31.Qe4 Qxe4 32.Rxe4 Nc5 33.Re1 Nxb3 34.Nxb3 
Rxb3 35.Rxa6 Rxc4 36.Ra7 Bd8 37.Rf7 Bh4 38.Ra1 Ra4 39.Rc1 Be6 40.Rfc7 Ra2 
41.Bh6 Bd8 42.R7c6 Rb6 43.Rxb6 Bxb6 44.Be3 Bxe3 45.fxe3 Kxh7 46.Ne4 Bg4 
47.Nf6+ 1-0

[Event "Xtracon Chess Open 2018"]
[Site "Elsinore"]
[Date "2018.07.24"]
[Round "5"]
[White "Linderod, Lars Erik"]
[Black "Sorensen, Hampus"]
[Result "1/2-1/2"]
[WhiteElo "1931"]
[BlackElo "2204"]
[EventDate "2018.07.21"]
[WhiteFideId "1435965"]
[BlackFideId "8703884"]

1.e4 e5 2.Nf3 Nc6 3.d4 exd4 4.Bc4 Bc5 5.c3 Nf6 6.e5 d5 7.Bb5 Ne4 8.cxd4 
Bb6 9.O-O O-O 10.Nc3 Bg4 11.Bxc6 bxc6 12.Qd3 Bf5 13.Qe3 a6 14.Rd1 h6 15.
Qf4 Bh7 16.Be3 Qd7 17.Nxe4 Bxe4 18.Nd2 Bh7 19.Qg3 Kh8 20.Rac1 a5 21.Nb3 a4
22.Nc5 Qe7 23.Bd2 Rfb8 24.Qa3 Bf5 25.Bb4 Qe8 26.Rc3 Bxc5 27.Rxc5 Qc8 28.
Qc3 Bd7 29.Rc1 Qb7 30.a3 Qc8 31.f4 Qg8 32.Qf3 Qh7 33.R5c3 Qg6 34.f5 Qxf5 
35.Qxf5 Bxf5 36.Rxc6 Rc8 37.Rxc7 Kg8 38.Kf2 Rxc7 39.Rxc7 Rc8 40.Rc5 Rd8 
41.Ke3 Bb1 42.Ra5 1/2-1/2

[Event "Xtracon Chess Open 2018"]
[Site "Elsinore"]
[Date "2018.07.24"]
[Round "5"]
[White "Thannheiser, Thomas"]
[Black "Glibstrup, Jakob"]
[Result "0-1"]
[WhiteElo "2201"]
[BlackElo "1920"]
[EventDate "2018.07.21"]
[WhiteFideId "4691059"]
[BlackFideId "1416146"]

1.f4 d5 2.Nf3 c5 3.g3 Nc6 4.Bg2 Nf6 5.O-O e6 6.d3 Be7 7.c3 O-O 8.Qe1 b5 9.
h3 Bb7 10.Nbd2 Qb6 11.Kh1 d4 12.Qf2 Nd5 13.cxd4 cxd4 14.Nb3 Ne3 15.Bxe3 
dxe3 16.Qg1 Bf6 17.Rab1 Rac8 18.Rfd1 Rfd8 19.Ne1 a5 20.Kh2 a4 21.Nd2 Nd4 
22.Nf1 Bxg2 23.Qxg2 Nc2 24.Qf3 Bd4 25.a3 Nxe1 26.Rxe1 Rc2 27.b3 b4 28.bxa4
b3 29.a5 Qxa5 30.Nxe3 Bxe3 31.Qxe3 b2 32.Red1 Rdc8 33.Kg2 Qxa3 34.Rd2 Qc3 
35.Rdd1 Rc1 36.Qg1 Qc2 0-1

[Event "Xtracon Chess Open 2018"]
[Site "Elsinore"]
[Date "2018.07.24"]
[Round "5"]
[White "Weber, Samuel"]
[Black "Nielsen, Carsten Juul"]
[Result "1-0"]
[WhiteElo "2197"]
[BlackElo "1909"]
[EventDate "2018.07.21"]
[WhiteFideId "12924008"]
[BlackFideId "1402242"]

1.Nf3 Nf6 2.g3 d5 3.Bg2 c6 4.O-O Bf5 5.b3 e6 6.Bb2 Nbd7 7.d3 Bc5 8.Nbd2 h6
9.c4 O-O 10.a3 a5 11.Qb1 Bg6 12.b4 axb4 13.axb4 Rxa1 14.Bxa1 Be7 15.e4 
dxe4 16.dxe4 Ne8 17.Qb3 Qb6 18.Bc3 Ndf6 19.Ne5 Bh7 20.c5 Qc7 21.Nec4 Nd7 
22.e5 b6 23.cxb6 Nxb6 24.Nxb6 Qxb6 25.Qc4 c5 26.bxc5 Qxc5 27.Qxc5 Bxc5 28.
Nb3 Bb6 29.Bb4 1-0

[Event "Xtracon Chess Open 2018"]
[Site "Elsinore"]
[Date "2018.07.24"]
[Round "5"]
[White "Meyer, Juergen"]
[Black "Hill, Alistair"]
[Result "0-1"]
[WhiteElo "1908"]
[BlackElo "2192"]
[EventDate "2018.07.21"]
[WhiteFideId "24661759"]
[BlackFideId "432407"]

1.e4 c5 2.Nf3 d6 3.d4 cxd4 4.Qxd4 Nc6 5.Bb5 Bd7 6.Bxc6 Bxc6 7.Nc3 Nf6 8.
Bg5 e6 9.O-O-O Be7 10.Qd3 Qa5 11.h4 h6 12.Bd2 d5 13.exd5 Bxd5 14.Nxd5 Qxd5
15.Qxd5 Nxd5 16.Kb1 Rc8 17.Rhe1 O-O 18.Be3 Nxe3 19.Rxe3 Rfd8 20.Red3 Rxd3 
21.Rxd3 Rd8 22.Kc1 Rxd3 23.cxd3 Kf8 24.Kd2 Bf6 25.b3 Ke7 26.g4 Kd6 27.d4 
Kd5 28.Kd3 g6 29.h5 g5 30.Ke3 Bg7 31.Kd3 f5 32.gxf5 exf5 0-1

[Event "Xtracon Chess Open 2018"]
[Site "Elsinore"]
[Date "2018.07.24"]
[Round "5"]
[White "Gottstein, Claudius-Thomas"]
[Black "Stage-Steffensen, Sander"]
[Result "1-0"]
[WhiteElo "2190"]
[BlackElo "1928"]
[EventDate "2018.07.21"]
[WhiteFideId "4653327"]
[BlackFideId "1455796"]

1.e4 e5 2.f4 exf4 3.Nc3 Qh4+ 4.Ke2 g5 5.d4 b6 6.Nb5 Kd8 7.Nf3 Qh5 8.Kf2 
Nf6 9.Bd3 Bb7 10.Ne5 g4 11.Bxf4 d6 12.Bg5 Be7 13.Bxf6 Bxf6 14.Qxg4 Qxg4 
15.Nxg4 Bg7 16.c3 Nd7 17.Ne3 Nf6 18.Nf5 a6 19.Nbxd6 cxd6 20.Nxg7 Nxe4+ 21.
Bxe4 Bxe4 22.Nh5 Rg8 23.Rhg1 Rg5 24.g4 Rc8 25.Nf6 Bg6 26.Rae1 Rb5 27.Re8+ 
Kc7 28.Rxc8+ Kxc8 29.b4 a5 30.a3 h5 31.d5 axb4 32.axb4 hxg4 33.Re1 Bc2 34.
Ke3 Bb3 35.Kd4 1-0

[Event "Xtracon Chess Open 2018"]
[Site "Elsinore"]
[Date "2018.07.24"]
[Round "5"]
[White "Jaksland, Tim"]
[Black "Christensen, Tommy"]
[Result "1-0"]
[WhiteElo "2185"]
[BlackElo "1904"]
[EventDate "2018.07.21"]
[WhiteFideId "1401084"]
[BlackFideId "1423266"]

1.Nf3 c5 2.c4 Nf6 3.b3 g6 4.Bb2 Bg7 5.g3 O-O 6.Bg2 d6 7.O-O e5 8.Nc3 Nc6 
9.d3 Bg4 10.h3 Be6 11.e3 Rb8 12.d4 Bf5 13.dxc5 e4 14.Nd4 Nxd4 15.exd4 dxc5
16.d5 Re8 17.Re1 Nd7 18.g4 Ne5 19.gxf5 Nd3 20.Qd2 Bd4 21.Nd1 Nxe1 22.Qxe1 
Qh4 23.fxg6 fxg6 24.Qd2 e3 25.fxe3 Rxe3 26.Nxe3 Re8 27.Bxd4 cxd4 28.Ng4 
1-0

[Event "Xtracon Chess Open 2018"]
[Site "Elsinore"]
[Date "2018.07.24"]
[Round "5"]
[White "Andersen, Morten"]
[Black "Skjoldager, Flemming"]
[Result "1-0"]
[WhiteElo "2174"]
[BlackElo "1902"]
[EventDate "2018.07.21"]
[WhiteFideId "1504908"]
[BlackFideId "1406515"]

1.c4 c5 2.Nf3 Nc6 3.g3 g6 4.Bg2 Bg7 5.Nc3 d6 6.O-O Nf6 7.d4 cxd4 8.Nxd4 
Nxd4 9.Qxd4 O-O 10.Qe3 Ng4 11.Qd2 Rb8 12.Rd1 Qb6 13.e3 Ne5 14.Nd5 Qd8 15.
Qe2 b6 16.Rb1 Bg4 17.f3 Bd7 18.e4 Re8 19.Be3 Rc8 20.Rbc1 Be6 21.b4 Bxd5 
22.Rxd5 Rc6 23.f4 Nd7 24.e5 Qc8 25.Qd3 Nf8 26.b5 Rc7 27.exd6 exd6 28.Rxd6 
Rce7 29.Bf2 Rd7 30.Rxd7 Qxd7 31.Qxd7 Nxd7 32.Bc6 Re7 33.a4 Nc5 34.Bxc5 
bxc5 35.a5 Bb2 36.Rb1 Bc3 37.b6 Bxa5 38.b7 Bc7 39.b8=Q+ Bxb8 40.Rxb8+ Kg7 
41.Kf2 1-0

[Event "Xtracon Chess Open 2018"]
[Site "Elsinore"]
[Date "2018.07.24"]
[Round "5"]
[White "Jorgensen, Dennis"]
[Black "O`Gorman, Alice"]
[Result "1-0"]
[WhiteElo "2147"]
[BlackElo "1898"]
[EventDate "2018.07.21"]
[WhiteFideId "1408380"]
[BlackFideId "2508214"]

1.Nf3 Nf6 2.d4 g6 3.g3 Bg7 4.Bg2 O-O 5.O-O d6 6.c4 c6 7.Nc3 Qa5 8.h3 Be6 
9.Nd2 Qa6 10.d5 Bd7 11.e4 Qb6 12.Nb3 c5 13.Be3 a6 14.e5 Ne8 15.exd6 exd6 
16.Re1 a5 17.Ne4 a4 18.Nbxc5 dxc5 19.Bxc5 Qxb2 20.Qf3 b6 21.Ba3 Qxa1 22.
Rxa1 Bxa1 23.Qf4 Bg7 24.Bxf8 Bxf8 25.Nf6+ Nxf6 26.Qxf6 b5 27.d6 Bc6 28.
Bxc6 Nxc6 29.cxb5 Nd8 30.d7 Ne6 31.b6 Bd6 32.Qf3 Rb8 33.Qc6 Bf8 34.Kg2 Nc5
35.Qc8 Nxd7 36.b7 Rxb7 37.Qxb7 Nc5 38.Qa8 Kg7 39.Qa7 Kf6 40.h4 h6 41.Qa8 
Kg7 42.Kf3 Be7 43.Qd5 Bf8 44.h5 gxh5 45.Qxh5 Kf6 46.Qh4+ Kg7 47.Qg4+ Kf6 
48.Qc4 Kg6 49.Qc2+ Kf6 50.Kg4 Bd6 51.f4 Bf8 52.Kh5 Ke6 53.Qc4+ Kf6 54.Qd4+
Ke6 55.Qe5+ Kd7 56.Qf5+ 1-0

[Event "Xtracon Chess Open 2018"]
[Site "Elsinore"]
[Date "2018.07.24"]
[Round "5"]
[White "Unneland, Mathias"]
[Black "Mai, Aron Thor"]
[Result "0-1"]
[WhiteElo "1896"]
[BlackElo "2119"]
[EventDate "2018.07.21"]
[WhiteFideId "1525581"]
[BlackFideId "2313383"]

1.d4 Nf6 2.c4 g6 3.Nc3 Bg7 4.e4 d6 5.f4 c5 6.d5 O-O 7.Nf3 e6 8.Be2 exd5 9.
cxd5 Nbd7 10.O-O Re8 11.Nd2 c4 12.Bxc4 Nc5 13.Qf3 Bg4 14.Qg3 Ncxe4 15.
Ncxe4 Nxe4 16.Nxe4 Rxe4 17.Qd3 Qb6+ 18.Kh1 Rae8 19.Qb3 Qa5 20.h3 Rxc4 21.
hxg4 Rce4 22.Rd1 Re2 23.a3 R8e4 24.Kh2 Bd4 25.Qxb7 Qd8 26.g5 h6 27.Qa6 Bb6
28.Bd2 hxg5 29.Rac1 Bc5 30.fxg5 Rxd2 31.Rxd2 Rh4+ 32.Kg3 Qxg5+ 33.Kf3 0-1

[Event "Xtracon Chess Open 2018"]
[Site "Elsinore"]
[Date "2018.07.24"]
[Round "5"]
[White "Schwerteck, Michael"]
[Black "Shehzad, Shazil"]
[Result "1/2-1/2"]
[WhiteElo "2115"]
[BlackElo "1896"]
[EventDate "2018.07.21"]
[WhiteFideId "4687078"]
[BlackFideId "1521942"]

1.e4 c5 2.Nf3 e6 3.d4 cxd4 4.Nxd4 a6 5.c4 Nf6 6.Nc3 Qc7 7.a3 b6 8.Be2 Bb7 
9.f3 Be7 10.Be3 d6 11.O-O O-O 12.Qd2 Nbd7 13.Rac1 Rac8 14.b4 Qb8 15.Kh1 
Bd8 16.Bg1 Bc7 17.Rc2 Rfd8 18.Na4 d5 19.cxd5 Bf4 20.Rxc8 Rxc8 21.Be3 Bxe3 
22.Qxe3 exd5 23.Nf5 Re8 24.Nxb6 Nxb6 25.Qxb6 Re6 26.Qe3 dxe4 27.Qg5 Qf8 
28.fxe4 Bxe4 29.Bc4 Bxf5 30.Qxf5 Rc6 31.Ba2 Qc8 32.Rd1 g6 33.Qe5 Rc1 34.
Qe1 Rc2 35.Qe7 Rxa2 36.Rd8+ Qxd8 37.Qxd8+ Kg7 38.Qd4 Rxa3 39.Kg1 Ra4 40.
Qb2 a5 41.bxa5 Rxa5 42.h3 h5 43.Qc3 Ra4 1/2-1/2

[Event "Xtracon Chess Open 2018"]
[Site "Elsinore"]
[Date "2018.07.24"]
[Round "5"]
[White "Kittilsen, Sigurd"]
[Black "Koellner, Christof"]
[Result "0-1"]
[WhiteElo "1893"]
[BlackElo "2105"]
[EventDate "2018.07.21"]
[WhiteFideId "1515624"]
[BlackFideId "4635787"]

1.e4 d6 2.d4 Nf6 3.Nc3 e5 4.dxe5 dxe5 5.Qxd8+ Kxd8 6.Bc4 Be6 7.Bxe6 fxe6 
8.f3 Bd6 9.Nh3 Ke7 10.Nf2 Nc6 11.Be3 a6 12.Nd3 h6 13.O-O-O b5 14.a4 Rhb8 
15.b3 Nd7 16.h4 Na5 17.Kd2 b4 18.Ne2 c5 19.Ke1 c4 20.Ndc1 Rc8 21.Kf2 cxb3 
22.Nxb3 Nc4 23.Rd3 Nb2 24.Rd2 Nc4 25.Rd3 Nb2 26.Rd2 a5 27.Rc1 Rc6 28.c3 
Nxa4 29.cxb4 Rxc1 30.Nexc1 Bxb4 31.Rc2 Nc3 32.Bd2 Rc8 33.Bxc3 Rxc3 34.Rxc3
Bxc3 35.Ke2 a4 36.Kd3 Be1 37.Nd2 Nc5+ 38.Kc2 Bxh4 39.Nc4 Kf6 40.Kb2 Bf2 
41.Ka3 Bd4 42.Kb4 h5 43.Ne2 Nd3+ 44.Kxa4 Ne1 45.Nxe5 Kxe5 46.f4+ Kxe4 47.
Ng3+ Kxf4 48.Nxh5+ Kg4 49.Nxg7 0-1

[Event "Xtracon Chess Open 2018"]
[Site "Elsinore"]
[Date "2018.07.24"]
[Round "5"]
[White "Brink, Nienke van den"]
[Black "Jensen, Tobias Ilsoe"]
[Result "0-1"]
[WhiteElo "1889"]
[BlackElo "2102"]
[EventDate "2018.07.21"]
[WhiteFideId "1452568"]
[BlackFideId "1437127"]

1.e4 c5 2.Nf3 d6 3.d4 cxd4 4.Nxd4 Nf6 5.Nc3 a6 6.f3 e5 7.Nb3 Be6 8.Be3 Be7
9.Qd2 O-O 10.O-O-O Nbd7 11.g4 b5 12.g5 b4 13.gxf6 bxc3 14.Qxc3 Nxf6 15.Na5
Qd7 16.Nc6 Rfc8 17.Nxe7+ Qxe7 18.Qa3 Qc7 19.c3 d5 20.exd5 Nxd5 21.Bf2 Rab8
22.c4 a5 23.Rd2 Rb4 24.b3 Rcb8 25.Be1 Ne3 26.Rc2 Qd6 27.Be2 Nxc2 28.Kxc2 
Rxc4+ 29.Kb2 Rc2+ 0-1

[Event "Xtracon Chess Open 2018"]
[Site "Elsinore"]
[Date "2018.07.24"]
[Round "5"]
[White "Rasmussen, Henrik Egede"]
[Black "Klings, Peter"]
[Result "0-1"]
[WhiteElo "1871"]
[BlackElo "2102"]
[EventDate "2018.07.21"]
[WhiteFideId "1417800"]
[BlackFideId "4631234"]

1.e4 c5 2.Nc3 g6 3.f4 Bg7 4.Nf3 a6 5.a4 Nc6 6.Bc4 e6 7.O-O Nge7 8.Qe1 Nd4 
9.Nxd4 cxd4 10.Nd1 d5 11.exd5 Nxd5 12.Bxd5 Qxd5 13.Ra3 Bd7 14.Qf2 Bc6 15.
Rg3 Bf8 16.b3 Bc5 17.Rd3 Rd8 18.Re1 f6 19.Rh3 O-O 20.d3 Rf7 21.Qg3 Bd6 22.
Re2 Re8 23.Nf2 f5 24.Qg5 Be7 25.Qg3 Bf6 26.Nh1 b5 27.axb5 axb5 28.Qe1 Ra7 
29.Rf3 Ra1 30.Rf1 e5 31.Qf2 e4 32.Bb2 Ra2 33.Rb1 e3 34.Qe1 Qd6 35.Qf1 Bg7 
36.g3 Qd5 37.Qg2 Qxg2+ 38.Rxg2 Bxg2 39.Kxg2 e2 0-1